Recent developments in the rubber planting industry with special reference to budding, brown bast treatment, manuring of rubber etc (Record no. 19926)

MARC details
000 -LEADER
fixed length control field 00380nam a2200109Ia 4500
082 ## - DEWEY DECIMAL CLASSIFICATION NUMBER
Classification number NR:631.54
Item number ASH
100 ## - MAIN ENTRY--AUTHOR NAME
Personal name Ashplant, Herbert
245 #0 - TITLE STATEMENT
Title Recent developments in the rubber planting industry with special reference to budding, brown bast treatment, manuring of rubber etc
260 ## - PUBLICATION, DISTRIBUTION, ETC. (IMPRINT)
Place of publication Mundakayam
Name of publisher UPASI
Year of publication 1924
942 ## - ADDED ENTRY ELEMENTS (KOHA)
Koha item type Books
Holdings
Withdrawn status Lost status Damaged status Not for loan Home library Current library Date acquired Full call number Accession Number Koha item type
        RRII Library RRII Library 16/12/2021 NR:631.54 ASH 00654 Books